| 000 | 00671nam a2200217 a 4500 | ||
|---|---|---|---|
| 001 | 69371 | ||
| 003 | BD-RjUL | ||
| 005 | 20211209081857.0 | ||
| 008 | 170411s1916 e a|||| |||| 001 0 eng d | ||
| 035 | _a(BD-RjUL)69582 | ||
| 040 |
_aBD-RjUL _beng _cBD-RjUL _dBD-RjUL |
||
| 041 | _aeng | ||
| 082 |
_223 _a519.5 _bLAS 1916 |
||
| 100 |
_aLamb, Horace _9205516 |
||
| 245 |
_aStatistics : _bIncluding Hydrostatics and The Elements of The Theory of Elasticity / _cHorace Lamb, |
||
| 260 |
_aCambridge : _bAt The University Press, _c1916. |
||
| 300 |
_axii, 341 p. : _bill. ; _c21 cm. |
||
| 500 | _aIncludes Index. | ||
| 650 |
_aStatistical Mathematics _9205517 |
||
| 942 |
_2ddc _cBK |
||
| 999 |
_c69371 _d69371 |
||